| 000 | 00662nam a2200181 i 4500 | ||
|---|---|---|---|
| 001 | 22982 | ||
| 003 | ES-MaACL | ||
| 005 | 20230906152806.0 | ||
| 007 | t| | ||
| 008 | 021205s1921 sp ||||1| spa d | ||
| 100 | 1 |
_aAlvarez de Toledo y Valero, Ramón. _920787 |
|
| 245 | 1 | 0 |
_aInfluencia del "Silbersalvarsan" sobre los leucocitos circulantes en la sangre / _cpor Ramón Alvarez de Toledo y Valero. |
| 260 |
_aMadrid : _b[s.n., _c1921] |
||
| 300 |
_a12 p. ; _c24 cm. |
||
| 500 | _aSeparata de: Archivos de Cardiología y Hematología, Col. II, 10 octubre 1921. | ||
| 740 | 0 | _aArchivos de cardiología y hematología. | |
| 852 |
_aES-MaACL _j1819-F-25 _bR.18074 |
||
| 999 |
_c22982 _d22982 |
||